000 00368nam a2200157Ia 4500
005 20250405175424.0
008 240331s9999 xx 000 0 und d
082 _bSAR
_a894
100 _aSaralnadan,
245 0 _aMalayaha vaaymozhi Ilakkiyam
260 _aChennai
_bSouth Asian Book
_c1993
300 _a88 p .,
650 _aEssays
650 _aPoems
942 _cL
999 _c4137
_d4137